I. přehlídka československého výtvarného umění 1949-1951 v Jizdárně pražského hradu

Bibliographic Details
Corporate Author: Přehlídka československého výtvarného umění Praha, Česko (Author)
Format: Conference Proceeding Book
Language:Czech
PhysicalDescription:31, [48] s. fotografie, ilustrácie 8°
Published: Praha Orbis 1951
Edition:1. vydanie
Series:Aktuality
Subjects:

MARC

LEADER 00000cam a2200000 a 4500
001 vtls008505748
003 SK-MaSNL
005 20260301123821.0
008 250414e1951 xr ao grc 000 0 cze
035 |a urn:nbn:sk:snk-am00d795 
035 |a urn:nbn:sk:snk-am3hs1w 
035 |a C27536B9-A732-45D7-BE70-CE89D4B2A328 
040 |a SNK  |b slo  |c SNK  |e AACR2 
041 0 |a cze 
044 |a xr  |c CZ 
072 7 |a 72/76  |x Výtvarné umenie  |2 konspekt 
080 |a 72/76  |2 2011 
080 |a 72/76(437.3)  |2 2011 
080 |a 72/76(437.6)  |2 2011 
080 |a (083.824)  |2 2011 
111 2 |a Přehlídka československého výtvarného umění  |n (1. :  |d 1951 :  |c Praha, Česko)  |4 aut  |9 471297 
245 0 0 |a I. přehlídka československého výtvarného umění 1949-1951  |b v Jizdárně pražského hradu  |c pořádá Kancelář presidenta republiky a Svaz čs. výtvarných umělců 
250 |a 1. vydanie 
260 |a Praha  |b Orbis  |c 1951 
300 |a 31, [48] s.  |b fotografie, ilustrácie  |c 8° 
366 |e 15750 kusov 
490 1 |a Aktuality  |v svazek 2 
648 7 |a 20. stor.  |2 SNKPH  |9 275975 
648 7 |a 1949-1951  |2 SNKPH  |9 324837 
648 7 |a 20th century  |2 SNKPHeng  |9 277995 
650 0 7 |a výtvarné umenie  |2 SNKPH  |9 723 
650 0 7 |a české výtvarné umenie  |2 SNKPH  |9 68920 
650 0 7 |a slovenské výtvarné umenie  |2 SNKPH  |9 68597 
650 0 7 |a Fine art  |2 SNKPHeng  |9 265088 
650 0 7 |a Czech art  |2 SNKPHeng  |9 330035 
650 0 7 |a Slovak art  |2 SNKPHeng  |9 275442 
655 7 |a katalógy výstav  |2 SNKPH  |9 70445 
655 7 |a Exhibition catalogs  |2 SNKPHeng  |9 266232 
700 1 |a Kára, Ľubor,  |d 1927-1994  |4 red  |9 194583 
710 2 |a Svaz československých výtvarných umělců (Praha, Česko)  |4 oth  |9 52336 
710 2 |a Kancelář prezidenta republiky (Praha, Česko)  |4 oth  |9 471298 
830 0 |a Aktuality  |9 275567 
852 |a Slovenská národná knižnica 
954 |a obrazové publikácie zamerané na výtv. umenie a fotografiu cudzojazyčné (svetové)  |2 lita 
954 |a odborná, vedecká literatúra cudzojazyčná (svetová)  |2 lita 
958 |a CZ 
958 |a OND 
958 |a EUIPO 
999 |c 737539  |d 739469 
952 |a SNK  |b SNK  |y PREZ  |7 0  |p 17A0794751  |o snkSC 8626  |i snk3316/54  |0 0  |1 0  |4 0  |d 2019-07-24  |f 1  |l 0  |r 2025-07-09 00:00:00  |w 2026-02-23